Pulitzer Prize Winners (Fiction) Quiz Stats

 Plays Quiz Updated Apr 11, 2021

Support Sporcle.
Go Orange.
Score 0/94 Timer 14:00
1 Play Today
Year Book Title % Correct
1961To Kill a Mockingbird
82.8%
1940The Grapes of Wrath
77.7%
1937Gone with the Wind
72.6%
1953The Old Man and the Sea
62.8%
1988Beloved
60%
1983The Color Purple
58.9%
1932The Good Earth
57.9%
2007The Road
56.6%
2014The Goldfinch
49.7%
1921The Age of Innocence
47.5%
1947All the King's Men
47.5%
2017The Underground Railroad
47.1%
2020The Nickel Boys
43%
2003Middlesex
39.3%
1919The Magnificent Ambersons
38%
1981A Confederacy of Dunces
37%
2015All the Light We Cannot See
36.1%
1986Lonesome Dove
35%
1994The Shipping News
34.7%
1928The Bridge of San Luis Rey
34.4%
1939The Yearling
33.5%
2019The Overstory
33.1%
1926Arrowsmith
32.7%
2016The Sympathizer
31.7%
2018Less
31%
1999The Hours
29.4%
1925So Big
29.2%
1991Rabbit At Rest
28.1%
1998American Pastoral
27.8%
1922Alice Adams
26.6%
2021The Night Watchman
25.6%
1918His Family
25%
Year Book Title % Correct
2008The Brief Wondrous Life of Oscar Wao
24.9%
1923One of Ours
24.9%
1982Rabbit Is Rich
24.9%
2013The Orphan Master's Son
24.6%
2001The Amazing Adventures of Kavalier & Clay
24.2%
2002Empire Falls
23.8%
1945A Bell for Adano
23.7%
1980The Executioner's Song
23.5%
1943Dragon's Teeth
23.5%
2000Interpreter of Maladies
22.9%
2005Gilead
22.8%
1952The Caine Mutiny
20.6%
1948Tales of the South Pacific
20.5%
1992A Thousand Acres
20.2%
1975The Killer Angels
19.4%
1963The Reivers
19.4%
2006March
19.3%
1968The Confessions of Nat Turner
19.2%
1933The Store
19.1%
1930Laughing Boy
19.1%
1984Ironweed
19%
1958A Death in the Family
19%
1996Independence Day
18.5%
1967The Fixer
17.9%
1972Angle of Repose
17.6%
1929Scarlet Sister Mary
17.4%
1936Honey in the Horn
17.4%
1924The Able McLaughlins
17.4%
1935Now in November
17.4%
1955A Fable
17.3%
1934Lamb in his Bosom
17.2%
1927Early Autumn
16.9%
Year Book Title % Correct
1976Humboldt's Gift
15.8%
1990The Mambo Kings Play Songs of Love
15.5%
1942In This Our Life
15.4%
1995The Stone Diaries
15.2%
1938The Late George Apley
15.1%
1979The Stories of John Cheever
14.9%
2004The Known World
14.4%
2009Olive Kitteridge
14.4%
1989Breathing Lessons
14.3%
2011A Visit from the Goon Squad
14.3%
1931Years of Grace
14.1%
1966The Collected Stories of Katherine Anne Porter
13.7%
1973The Optimist's Daughter
13.6%
1960Advise and Consent
13.1%
1956Andersonville
12.4%
1944Journey in the Dark
12.2%
1951The Town
12.2%
1970The Collected Stories of Jean Stafford
11.4%
2010Tinkers
10.6%
1969House Made of Dawn
10.5%
1950The Way West
10.2%
1985Foreign Affairs
9.6%
1993A Good Scent from a Strange Mountain
9.4%
1997Martin Dressler: The Tale of an American Dreamer
9%
1987A Summons to Memphis
8.2%
1978Elbow Room
8%
1965The Keepers of the House
8%
1962The Edge of Sadness
7.9%
1949Guard of Honor
7.8%
1959The Travels of Jaimie McPheeters
6.9%

From the Vault

TV Shoes

by El_Dandy

A quiz about shoes? Why knot?
Remove Ads.
Support Sporcle.
Get the best of Sporcle when you Go Orange. This ad-free experience offers more features, more stats, and more fun while also helping to support Sporcle. Thank you for becoming a member.

Show Comments

Extras

Top Quizzes Today


Score Distribution

Your Account Isn't Verified!

In order to create a playlist on Sporcle, you need to verify the email address you used during registration. Go to your Sporcle Settings to finish the process.

Report this User

Report this user for behavior that violates our Community Guidelines.

Details: